Hidden Clue Vocabulary - Statistics

General Stats
  • This quiz has been taken 31,189 times
  • The average score is 17 of 30
Answer Stats
Hint # Answer % Correct
Winter garment 5 Sca{rf}
98%
To permit 5 All{ow}
92%
Sorcery 5 Mag{ic}
92%
In short supply 6 Sca{rce}
92%
Surgical knife 7 Sca{lpel}
84%
A public square 5 Pla{za}
81%
Allegation; assertion 5 Cla{im}
79%
Insect larva 6 Mag{got}
72%
Article in a contract 6 Cla{use}
70%
To the point; concise 5 Bri{ef}
68%
A deep purplish red 7 Mag{enta}
68%
Green onion 8 Sca{llion}
64%
Attraction; charm 6 All{ure}
63%
Calm; serene 6 Pla{cid}
55%
Hay fever, eg. 7 All{ergy}
54%
Powerfully attractive 8 Mag{netic}
54%
Military squad 7 Pla{toon}
50%
Blame-bearer 9 Sca{pegoat}
50%
Horse's headgear 6 Bri{dle}
48%
Duck-billed mammal 8 Pla{typus}
48%
Fragile; easily broken 7 Bri{ttle}
47%
Illuminate 8 Bri{ghten}
45%
Complainant; suer 9 Pla{intiff}
41%
Coalition; union 8 All{iance}
40%
Semiaquatic reptile 9 All{igator}
38%
Sulfur 9 Bri{mstone}
27%
Great size or extent 9 Mag{nitude}
26%
Trumpet call 7 Cla{rion}
20%
Mozart's genre 9 Cla{ssical}
20%
Collarbone 8 Cla{vicle}
20%
No matching quizzes found
Score Distribution
Percent of People with Each Score
Percentile by Number Answered
Your Score History
You have not taken this quiz